000 00411nam a2200157Ia 4500
003 LK-CoDNM
008 010623t1914 xxu||||| |||| 00| 1 eng d
040 _aLK-CoDNM
_dLK-CoDNM
_eLK-CoDNM
041 _aeng
080 _a23 PBOX
100 _aWillis,A.W.
245 _aThe Ceylon Laymen's Missionary Movement
260 _bThe Ceylon Laymen's Missionary Movement
_c1914
300 _b14p., 18 cm
942 _cBK
999 _c88048
_d88048